000 00396nam a2200169Ia 4500
001 10468
003 IN-NITTTR
005 20251114233057.0
008 251113s9999||||xx |||||||||||||| ||eng||
040 _beng
040 _cIN-NITTTR
041 _aeng
082 _a181.4 S82H
100 _aShourie, Arun
245 0 _aHinduism :
_b Essence and consequence. /
_cShourie, Arun
942 _2ddc
_cBK
999 _c13105
_d13105